Skúmanie tvárniteľnosti Cu-Zn zliatin v intervale kovacích teplôt : Diplomová práca

Enregistré dans:
Détails bibliographiques
Auteur principal: Magyaricsová, Réka (Auteur)
Autres auteurs: Kapustová, Mária, 1959- (xxx)
Format: Manuscrit Livre
Langue:slovaque
Publié: Trnava : STU v Bratislave MtF KTv, 2006
Sujets:
Tags: Ajouter un tag
Pas de tags, Soyez le premier à ajouter un tag!

MARC

LEADER 00000ntm a22000003a 4500
001 stu121553
005 20160719155529.5
008 060621s2006----xo------------------slo-d
040 |a STU  |b slo 
041 0 |a slo 
044 |a xo 
100 1 |a Magyaricsová, Réka  |4 aut 
245 1 |a Skúmanie tvárniteľnosti Cu-Zn zliatin v intervale kovacích teplôt :  |b Diplomová práca 
260 |a Trnava :  |b STU v Bratislave MtF KTv,  |c 2006 
300 |a 64 s  |c 1 CD 
650 7 |a technológie strojárskej výroby  |2 stusub 
650 7 |a tvárnenie  |2 stusub 
700 1 |a Kapustová, Mária,  |d 1959-  |4 xxx  |u M3000  |U MTF Materiálovotechnologická fakulta  |T MTF Ústav výrobných technológií  |X 209  |U M3000  |Y 83  |7 A000000209 
700 1 |a Kotvan, Peter  |4 csl 
996 |b 284M073488  |c M*DP-6078  |l MMSKP  |s P  |a 0  |w stu121553_0001